LEADER 01187nam a2200265 i 4500 001 000000043355 003 CaOOAMICUS 005 20090812000000.0 008 090812s1969 it u000 u ita u 013 $a14525 040 $aSeMil$bita 100 1 $aPol, Wilhelm Hendrik : van de.$0(OLS)http://semarc/name/21525 240 14$aHet einde van het conventionele christedom.$0(OLS)http://semarc/title/63658 245 13$aLa fine del cristianesimo convenzionale /$cWilhelm Hendrik van de Pol ; [ed. italiana a cura di Pier Giordano Cabra]. 250 $a2. ed. 260 $aBrescia :$bQueriniana,$c1969. 300 $a400 p. ;$c20 cm. 490 0 $aDibattito sul cristianesimo ;$v7 650 4$aCristianesimo - Sec. 20.$0(OLS)http://semarc/subject/7709 700 1 $aCabra, Pier Giordano,$c.$0(OLS)http://semarc/name/7172 830 0$aDibattito sul cristianesimo ;$v7.$0(OLS)http://semarc/title/6139 850 $aSeMil 852 $aSeMil$W1$xVenegono$y1$m2B II 190$j9510$B9510$CSeMilBibl$Z2$F9510 $81 996 $6245$aLa fine del cristianesimo convenzionale$9(OLS)http://semarc/title/63657 996 $6260$aBrescia :$bQueriniana$9(OLS)http://semarc/publisher/29615 LEADER 01517nam a2200325 i 4500 001 000000066246 003 CaOOAMICUS 005 20200415090307.0 008 981230s1982 it a u000 u mul u 013 $a37418 040 $aSeMil$bita 240 10$aSermones.$0(OLS)http://semarc/title/2704 245 10$a30.1: Discorsi. 2./1 (51-85) :$bSul Nuovo Testamento /$csant'Agostino ; traduzione e note di Luigi Carrozzi. 264 1$aRoma :$bCittà Nuova,$c1982. 300 $aXLII, 667 p., [5] c. di tav. :$bill. ;$c24 cm 500 $aTesto latino dell'edizione maurina e delle edizioni postmaurine 700 1 $aCarrozzi, Luigi.$0(OLS)http://semarc/name/10252 700 0 $aAugustinus, Aurelius,$c.$0(OLS)http://semarc/name/498 773 0 $aAugustinus, Aurelius $tOpere di sant'Agostino.$dRoma : Nuova Biblioteca Agostiniana ; Roma : Città Nuova, 1965-$bEd. latino-italiana$kNuova Biblioteca Agostiniana$g30$w()1393 830 0$aNuova Biblioteca Agostiniana.$0(OLS)http://semarc/title/544 850 $aSeMil 852 $aSeMil$W1$xVenegono$y1$mSL1.W V 31/1$j258347$B32399$CSeMilBibl$Z2$F32402 $8I 900 1 $aAgostino : d'Ippona. 900 1 $aSant'Agostino. 961 $aAcquisto: Città Nuova 996 $6245$a30.1: Discorsi. 2./1 (51-85) :$bSul Nuovo Testamento$9(OLS)http://semarc/title/105327 996 $6264$aRoma :$bCittà Nuova$9(OLS)http://semarc/publisher/29609